000 02459nam a22003617a 4500
001 100689
003 KnowledgeUnlatched
005 20210303104722.0
006 m o d
007 cr u||||||||||
008 210129p20172017ncu o u00| u eng d
035 _a(OCoLC)956775679
037 _5BiblioBoard
245 0 0 _aEnergy without Conscience
_bOil, Climate Change, and Complicity /
_cDavid McDermott Hughes.
020 _a9781478091059
029 1 _ahttps://library.biblioboard.com/ext/api/media/d47a8fb1-b16c-4768-81a2-aca2bfa562f8/assets/thumbnail.jpg
040 _aScCtBLL
_cScCtBLL
100 1 _aHughes, David McDermott
_eauthor.
264 1 _bDuke University Press,
300 _a1 online resource (206 p.)
506 0 _aAccess copy available to the general public.
_fUnrestricted
_2star
520 _aIn Energy without Conscience David McDermott Hughes investigates why climate change has yet to be seen as a moral issue. He examines the forces that render the use of fossil fuels ordinary and therefore exempt from ethical evaluation. Hughes centers his analysis on Trinidad and Tobago, which is the world's oldest petro-state, having drilled the first continuously producing oil well in 1866. Marrying historical research with interviews with Trinidadian petroleum scientists, policymakers, technicians, and managers, he draws parallels between Trinidad's eighteenth- and nineteenth-century slave labor energy economy and its contemporary oil industry. Hughes shows how both forms of energy rely upon a complicity that absolves producers and consumers from acknowledging the immoral nature of each. He passionately argues that like slavery, producing oil is a moral choice and that oil is at its most dangerous when it is accepted as an ordinary part of everyday life.
588 0 _aDescription based on print version record.
590 _aKU Select 2016 Front List Collection
650 7 _aSocial Science / Anthropology / Cultural & Social
_2bisacsh
650 0 _aSocial sciences
655 0 _aElectronic books.
758 _iIs found in:
_aKnowledge Unlatched
_1https://openresearchlibrary.org/module/2774bc74-146a-484f-a7ba-ab1d6a09bbfb
856 4 0 _uhttps://openresearchlibrary.org/content/d47a8fb1-b16c-4768-81a2-aca2bfa562f8
_zView this content on Open Research Library.
_70
999 _c32384
_d32384